College writing skills

Bibliographic Details
Main Author: Langan, John
Format: Book
Published: New York : McGraw-Hill , 1992
Edition:3rd edition
Subjects:

MARC

LEADER 00000cam a2200000 7i4500
001 0000000182
002 000000244
005 20000330.0
020 |a 007036382X 
090 0 0 |a 808.0420711   |b LAN 
100 1 |a Langan, John 
245 1 0 |a College writing skills   |c John Langan 
250 |a 3rd edition 
260 |a New York :   |b McGraw-Hill ,   |c 1992 
300 |a 467p. ;   |c 24cm. 
650 0 0 |a English language   |x Grammar   |y 1950- 
650 0 0 |a English language   |x Rhetoric 
999 |a 028017   |b BUKU   |c PINJAMAN   |e PERPUSTAKAAN KOMUNITI PETALING JAYA